[Event "POHÁR města Říčany 2021"]
[Site "Městské kulturní středisko U labutě"]
[Date "2021.08.23"]
[Round "4.19"]
[White "Konvalinka, Vladislav"]
[Black "Hrbek, Tomas"]
[Result "1/2-1/2"]
[WhiteElo "1718"]
[BlackElo "1833"]
[PlyCount "0"]
[EventDate "2021.08.21"]

1. d4 d5 2. c4 c6 3. cxd5 cxd5 4. Bf4 Nf6 5. Nc3 Bf5 6. e3 Nc6 7. Rc1 Rc8
8. Qb3 Qb6 9. Qxb6 axb6 10. Nb5 Kd7 11. h3 e6 12. a3 Ne4 13. Nf3 Bd6 14. Nxd6
Nxd6 15. Be2 Na5 16. Ne5+ Ke7 17. O-O Nb3 18. Rxc8 Rxc8 19. g4 Bg6 20. Nxg6+
hxg6 21. Bxd6+ Kxd6 1/2-1/2

[Event "POHÁR města Říčany 2021"]
[Site "Městské kulturní středisko U labutě"]
[Date "2021.08.23"]
[Round "4.20"]
[White "Pisar, Tomas"]
[Black "Ruzicka, Filip"]
[Result "1/2-1/2"]
[WhiteElo "1528"]
[BlackElo "1783"]
[PlyCount "0"]
[EventDate "2021.08.21"]

1. d4 Nf6 2. Nf3 g6 3. g3 Bg7 4. Bg2 O-O 5. O-O d6 6. c4 Nc6 7. Nc3 a6 8. b3
Na5 9. Qc2 Rb8 10. Bd2 c6 11. Rac1 Bf5 12. e4 Bd7 13. Ne2 b5 14. cxb5 cxb5
15. Qc7 Nb7 16. Qxd8 Rfxd8 17. e5 Nd5 18. Nf4 Nxf4 19. Bxf4 Rdc8 20. Nd2 dxe5
21. dxe5 Rxc1 22. Rxc1 Rc8 23. Rd1 Be8 24. Ne4 Bc6 25. Nc5 1/2-1/2

[Event "POHÁR města Říčany 2021"]
[Site "Městské kulturní středisko U labutě"]
[Date "2021.08.23"]
[Round "4.21"]
[White "Steiner, Juraj"]
[Black "Pejrimovska, Viola Ruby"]
[Result "1-0"]
[WhiteElo "1959"]
[BlackElo "1773"]
[PlyCount "0"]
[EventDate "2021.08.21"]

1. d4 Nf6 2. c4 g6 3. Nc3 Bg7 4. e4 d6 5. Be2 O-O 6. Be3 e5 7. d5 Nbd7 8. g4
Nc5 9. f3 a5 10. h4 c6 11. Nh3 cxd5 12. cxd5 Ne8 13. h5 Nc7 14. Bf2 f6 15. hxg6
{necitelne} 1-0

[Event "POHÁR města Říčany 2021"]
[Site "Městské kulturní středisko U labutě"]
[Date "2021.08.23"]
[Round "4.23"]
[White "Mach, Jan"]
[Black "Novotny, David"]
[Result "0-1"]
[WhiteElo "1742"]
[BlackElo "1923"]
[PlyCount "0"]
[EventDate "2021.08.21"]

1. e4 c5 2. Nf3 e6 3. d4 cxd4 4. Nxd4 Nf6 5. Nc3 Nc6 6. Nxc6 bxc6 7. e5 Nd5
8. Ne4 Qc7 9. Nd6+ Bxd6 10. exd6 Qxd6 11. Be2 Qe7 12. c4 Nf6 13. O-O O-O 14. Re1
d5 15. Bf4 Bb7 16. Bf3 Qb4 17. Qc2 a5 18. a3 Qc5 19. Be3 Qd6 20. Rac1 Rfe8
21. Qd2 Nd7 22. Bg4 c5 23. Bf4 Qb6 24. cxd5 Bxd5 25. Be3 Qb7 26. g3 Ne5 27. Be2
Bh1 0-1

[Event "POHÁR města Říčany 2021"]
[Site "Městské kulturní středisko U labutě"]
[Date "2021.08.23"]
[Round "4.24"]
[White "Cabart, Pavel"]
[Black "Danhel, Lukas"]
[Result "0-1"]
[WhiteElo "1700"]
[BlackElo "1902"]
[PlyCount "0"]
[EventDate "2021.08.21"]

1. e4 c5 2. Nf3 Nc6 3. d4 cxd4 4. Nxd4 g6 5. Nc3 Bg7 6. Be3 Nf6 7. Bc4 O-O
8. Bb3 a5 9. O-O a4 10. Nxa4 Nxe4 11. Nb5 Ra6 12. Nac3 Nxc3 13. Nxc3 d6 14. Re1
e6 15. Qd2 d5 16. Bh6 Qf6 17. Bxg7 Qxg7 18. Qd3 Na5 19. Qg3 Bd7 20. Qc7 Bc6
21. Ba4 Nc4 22. Bxc6 bxc6 23. b3 Na3 24. Qb7 Rfa8 25. Na4 Nxc2 26. Nc5 Nxe1
27. Rxe1 Rxa2 0-1

[Event "POHÁR města Říčany 2021"]
[Site "Městské kulturní středisko U labutě"]
[Date "2021.08.23"]
[Round "4.26"]
[White "Feierfeil, Jiri"]
[Black "Bartos, Vaclav"]
[Result "0-1"]
[WhiteElo "1623"]
[BlackElo "1879"]
[PlyCount "0"]
[EventDate "2021.08.21"]

1. d4 Nf6 2. c4 e6 3. Nc3 Bb4 4. Qc2 b6 5. e4 Bb7 6. f3 c5 7. d5 O-O 8. Bd3 d6
9. Ne2 exd5 10. cxd5 a6 11. a3 Ba5 12. a4 b5 13. b3 Qd7 14. axb5 axb5 15. Bxb5
0-1

[Event "POHÁR města Říčany 2021"]
[Site "Městské kulturní středisko U labutě"]
[Date "2021.08.23"]
[Round "4.27"]
[White "Koper, Stefan"]
[Black "Papousek, Michal"]
[Result "0-1"]
[WhiteElo "1827"]
[BlackElo "1689"]
[PlyCount "0"]
[EventDate "2021.08.21"]

1. d4 Nf6 2. c4 e5 3. d5 Bb4+ 4. Bd2 g5 5. Nc3 O-O 6. Qc2 d6 7. e4 Nbd7 8. Nge2
Nc5 9. Ng3 Bg4 10. f3 Bd7 11. Nb5 Bxd2+ 12. Qxd2 Ne8 13. Bd3 Bxb5 14. cxb5 c6
15. dxc6 bxc6 16. bxc6 Qb6 17. Bc4 Rb8 18. b3 0-1

[Event "POHÁR města Říčany 2021"]
[Site "Městské kulturní středisko U labutě"]
[Date "2021.08.23"]
[Round "4.28"]
[White "Le, Anh Dung"]
[Black "Bruna, Matous"]
[Result "1-0"]
[WhiteElo "1779"]
[BlackElo "1623"]
[PlyCount "0"]
[EventDate "2021.08.21"]

1. e4 c5 2. Nf3 Nc6 3. d4 cxd4 4. Nxd4 Nf6 5. Nc3 e5 6. Ndb5 d6 7. Nd5 Nxd5
8. exd5 Nb8 9. a4 a6 10. Na3 Be7 11. Bd2 O-O 12. a5 Nd7 13. Nc4 f5 14. Bb4 Nf6
15. Nxe5 dxe5 16. d6 Bxd6 17. Bc4+ Kh8 18. Bxd6 Re8 19. Bf7 Bd7 20. Bxe8 Qxe8
21. Bc7 Bc6 22. Qe2 e4 23. O-O-O Rc8 24. Bb6 Bb5 25. Qe3 Bd3 26. Rxd3 exd3
27. Qxd3 Ne4 28. Rd1 Qe6 29. Qd7 Qxd7 30. Rxd7 1-0

[Event "POHÁR města Říčany 2021"]
[Site "Městské kulturní středisko U labutě"]
[Date "2021.08.23"]
[Round "4.29"]
[White "Tichy, Tomas"]
[Black "Kubice, Jakub"]
[Result "0-1"]
[WhiteElo "1513"]
[BlackElo "1776"]
[PlyCount "0"]
[EventDate "2021.08.21"]

1. e4 e5 2. d4 exd4 3. Qxd4 Nc6 4. Qe3 g6 5. Nc3 Bg7 6. Bd2 Nge7 7. O-O-O d6
8. f4 Bg4 9. Be2 Bxe2 10. Ngxe2 Qd7 11. h3 h5 12. Rhg1 f5 13. exf5 gxf5 14. Nb5
a6 15. Nbd4 Nxd4 16. Nxd4 O-O-O 17. Rge1 Nd5 18. Qe6 Bxd4 19. Qxd5 Bc5 20. Bc3
Rhg8 21. Bf6 Rde8 22. Bg5 Kb8 23. Qf3 Qf7 24. Kb1 Rxe1 25. Rxe1 Re8 26. Re2 Re6
27. a3 Rxe2 28. Qxe2 Qd5 29. g4 Qh1+ 30. Ka2 fxg4 31. hxg4 h4 32. f5 h3 33. Bf4
Bd4 34. Qh2 Qxh2 35. Bxh2 Kc8 36. g5 Kd7 37. f6 Ke6 38. Bg3 Be5 39. Bh4 h2
40. g6 Bxf6 0-1

[Event "POHÁR města Říčany 2021"]
[Site "Městské kulturní středisko U labutě"]
[Date "2021.08.23"]
[Round "4.30"]
[White "Zvolensky, David"]
[Black "Hampel, Rudolf"]
[Result "1-0"]
[WhiteElo "2136"]
[BlackElo "1593"]
[PlyCount "0"]
[EventDate "2021.08.21"]

1. e4 c5 2. Nf3 e6 3. d4 cxd4 4. Nxd4 a6 5. Be3 Be7 6. c4 d6 7. Be2 Nf6 8. Nc3
O-O 9. O-O Qc7 10. Rc1 b6 11. b4 Nbd7 12. Qb3 Bb7 13. f3 Rac8 14. Rcd1 Qb8
15. a4 Rfd8 16. Ra1 Nf8 17. a5 bxa5 18. Rxa5 Rd7 19. Nc2 Bd8 20. Raa1 Bc7 21. b5
d5 22. bxa6 dxc4 23. Bxc4 Bxh2+ 24. Kh1 Qg3 25. axb7 Rb8 1-0

[Event "POHÁR města Říčany 2021"]
[Site "Městské kulturní středisko U labutě"]
[Date "2021.08.23"]
[Round "4.31"]
[White "Vorackova, Jarmila"]
[Black "Salac, Jiri"]
[Result "1-0"]
[WhiteElo "1802"]
[BlackElo "1929"]
[PlyCount "0"]
[EventDate "2021.08.21"]

1. d4 d5 2. c4 dxc4 3. Nc3 c6 4. e4 b5 5. a4 Qb6 6. d5 Bd7 7. Be3 Qb7 8. dxc6
Bxc6 9. axb5 Bxe4 10. f3 Bf5 11. Bxc4 e6 12. Nge2 Nf6 13. Qa4 Nbd7 14. b6 a6
15. Bb5 Bd6 16. Bc6 Qb8 17. Bxa8 Qxa8 18. Qxa6 Qb8 19. Qa8 Ke7 20. Qxb8 Rxb8
21. O-O 1-0

[Event "POHÁR města Říčany 2021"]
[Site "Městské kulturní středisko U labutě"]
[Date "2021.08.23"]
[Round "4.32"]
[White "Martinec, Karel"]
[Black "Svetly, Jiri"]
[Result "0-1"]
[WhiteElo "1730"]
[BlackElo "1852"]
[PlyCount "0"]
[EventDate "2021.08.21"]

1. Nf3 Nf6 2. g3 d5 3. d4 Bg4 4. Ne5 Bf5 5. Bg2 Nbd7 6. O-O e6 7. c4 c6 8. cxd5
exd5 9. Nxd7 Qxd7 10. Nc3 Be7 11. a3 O-O 12. b4 a5 13. Na4 Qc7 14. Bd2 Ne4
15. Bxe4 dxe4 16. bxa5 Rfd8 17. Bb4 Bh3 18. Re1 f5 19. Qb3+ Kh8 20. Qf7 Rd7
21. Nb6 Bxb4 22. Qxd7 Qxd7 23. Nxd7 Bxe1 24. Rxe1 Rxa5 25. Ra1 Rd5 {necitelne}
0-1

[Event "POHÁR města Říčany 2021"]
[Site "Městské kulturní středisko U labutě"]
[Date "2021.08.23"]
[Round "4.33"]
[White "Vit, Zdenek"]
[Black "Vilimova, Julie"]
[Result "1/2-1/2"]
[WhiteElo "1726"]
[BlackElo "1805"]
[PlyCount "0"]
[EventDate "2021.08.21"]

1. e4 c5 2. Nf3 d6 3. d4 cxd4 4. Nxd4 Nf6 5. Nc3 g6 6. Be2 Bg7 7. Be3 a6 8. a4
b6 9. O-O Bb7 10. f3 Nbd7 11. Nb3 O-O 12. Qd2 Qc7 13. Bh6 Bxh6 14. Qxh6 d5
15. Qe3 dxe4 16. fxe4 Qe5 17. Bd3 Rfc8 18. Qf4 Rc7 19. Rad1 Rac8 20. Qf2 Rf8
21. Qe2 Ra8 22. Qf2 Rf8 1/2-1/2

[Event "POHÁR města Říčany 2021"]
[Site "Městské kulturní středisko U labutě"]
[Date "2021.08.23"]
[Round "4.34"]
[White "Kacirek, Pavel"]
[Black "Blazek, Miroslav"]
[Result "0-1"]
[WhiteElo "1718"]
[BlackElo "1801"]
[PlyCount "0"]
[EventDate "2021.08.21"]

1. d4 e6 2. Nf3 d5 3. e3 Nf6 4. Be2 Bd6 5. O-O O-O 6. Nbd2 Nbd7 7. b3 e5
8. dxe5 Nxe5 9. Bb2 Re8 10. c4 dxc4 11. Nxc4 Nxc4 12. Bxc4 Bg4 13. h3 Bh5
14. Be2 Qe7 15. Nd4 Bg6 16. Bf3 c6 17. Qe2 Rad8 18. Rfd1 Ne4 19. Bxe4 Bxe4
20. Qg4 Be5 21. Bc3 Bg6 22. b4 h5 23. Qf3 Rd5 24. Ne2 Bf5 25. Rxd5 Bxh3 26. Rxe5
Be6 27. Rxh5 f6 28. Ra5 a6 29. Ra4 Rd8 30. Nf4 Bf7 0-1

[Event "POHÁR města Říčany 2021"]
[Site "Městské kulturní středisko U labutě"]
[Date "2021.08.23"]
[Round "4.35"]
[White "Kleprlik, Jan"]
[Black "Seidl, Jan"]
[Result "0-1"]
[WhiteElo "1533"]
[BlackElo "1768"]
[PlyCount "0"]
[EventDate "2021.08.21"]

1. d4 Nf6 2. Nf3 c5 3. c3 d5 4. g3 Nc6 5. Bg2 Bf5 6. O-O e6 7. Bf4 Bd6 8. Bxd6
Qxd6 9. Nbd2 O-O 10. dxc5 Qxc5 11. Nh4 Be4 12. Bxe4 dxe4 13. Ng2 Rfd8 14. Ne3
Rac8 15. Qc1 Qh5 16. f3 Qc5 17. Nb3 Qb6 18. Kg2 a5 19. Nc2 a4 20. Nd2 Ne5
21. Nxe4 Nxe4 22. fxe4 Nc4 23. Qf4 f6 24. e5 Nxe5 25. Nd4 Qxb2 26. Rab1 Qxa2
27. Rxb7 Qd5+ 0-1

[Event "POHÁR města Říčany 2021"]
[Site "Městské kulturní středisko U labutě"]
[Date "2021.08.23"]
[Round "4.36"]
[White "Chmelik, Ladislav"]
[Black "Chon, Jeremy"]
[Result "1-0"]
[WhiteElo "1732"]
[BlackElo "1454"]
[PlyCount "0"]
[EventDate "2021.08.21"]

1. d4 d5 2. c4 e6 3. Nf3 f5 4. cxd5 exd5 5. Nc3 Nf6 6. Bg5 c6 7. e3 Bd6 8. Bd3
O-O 9. Qd2 Qd7 10. Bxf6 Rxf6 11. O-O-O b6 12. g4 fxg4 13. Bxh7+ Kh8 14. Ng5 Rh6
15. Rdg1 Qe7 16. h4 gxh3 17. Nxd5 Qe8 18. Bf5 h2 19. Rg2 Bb7 20. Nc3 Nd7 21. Be6
Rxe6 22. Qd3 Nb8 23. Qh7# 1-0

[Event "POHÁR města Říčany 2021"]
[Site "Městské kulturní středisko U labutě"]
[Date "2021.08.25"]
[Round "6.1"]
[White "Skypala, Ondrej"]
[Black "Rut, Vojtech"]
[Result "0-1"]
[WhiteElo "2158"]
[BlackElo "2061"]
[PlyCount "0"]
[EventDate "2021.08.21"]

1. c4 f5 2. Nc3 Nf6 3. g3 e5 4. Bg2 Bb4 5. Nd5 Nxd5 6. cxd5 a5 7. Nf3 e4 8. Nd4
Qf6 9. Nb5 Na6 10. O-O c6 11. Nc3 O-O 12. a3 Bxc3 13. dxc3 Nc7 14. d6 Ne8
15. Bf4 g5 16. Be3 Qxd6 17. Qb3+ Rf7 18. Bxg5 Qg6 19. Bf4 d5 20. Qb6 Ng7 21. Kh1
Qe6 22. Be5 f4 23. gxf4 0-1

[Event "POHÁR města Říčany 2021"]
[Site "Městské kulturní středisko U labutě"]
[Date "2021.08.25"]
[Round "6.2"]
[White "Petr, Jakub"]
[Black "Vojta, Jakub"]
[Result "1-0"]
[WhiteElo "2236"]
[BlackElo "2150"]
[PlyCount "0"]
[EventDate "2021.08.21"]

1. d4 Nf6 2. c4 g6 3. Nc3 d5 4. cxd5 Nxd5 5. e4 Nxc3 6. bxc3 Bg7 7. Nf3 O-O
8. Be2 c5 9. Rb1 cxd4 10. cxd4 Qa5+ 11. Bd2 Qxa2 12. O-O Bg4 13. Bg5 h6 14. Be3
Nc6 15. d5 Ne5 16. Rxb7 Rfe8 17. Bd4 Bxf3 18. gxf3 g5 19. f4 Ng6 20. Bxg7 Kxg7
21. fxg5 hxg5 22. Qd4+ Kg8 23. Bc4 Qa3 24. e5 Qf3 25. Rb3 Qf5 26. Re1 Nf4
27. Rg3 Rab8 28. h4 Kh7 29. Rxg5 Rg8 30. Rg3 Rg4 31. Qc3 Rbg8 32. Ba2 Kh8
33. e6+ f6 34. d6 Nh3+ 35. Kh2 Nf4 36. Bb1 Rxh4+ 37. Kg1 Qh5 38. Be4 Nh3+
39. Kf1 exd6 40. Rxg8+ Kxg8 41. e7 Kg7 42. Bf3 Nf4 1-0

[Event "POHÁR města Říčany 2021"]
[Site "Městské kulturní středisko U labutě"]
[Date "2021.08.25"]
[Round "6.3"]
[White "Horak, Jan"]
[Black "Vitak, Jiri"]
[Result "1/2-1/2"]
[WhiteElo "2143"]
[BlackElo "2221"]
[PlyCount "0"]
[EventDate "2021.08.21"]

1. e4 c5 2. Nc3 Nc6 3. f4 g6 4. Nf3 Bg7 5. g3 d6 6. Bg2 e6 7. O-O Nge7 8. d3
O-O 9. Be3 b6 10. d4 Ba6 11. Re1 cxd4 12. Nxd4 Nxd4 13. Bxd4 e5 14. Bf2 Qc7
15. Qd2 Rad8 16. f5 gxf5 17. exf5 d5 18. Nxd5 Nxd5 19. Bxd5 Kh8 20. b3 Bb7
21. c4 Qd7 22. Kg2 f6 1/2-1/2

[Event "POHÁR města Říčany 2021"]
[Site "Městské kulturní středisko U labutě"]
[Date "2021.08.25"]
[Round "6.4"]
[White "Hrdina, Robin"]
[Black "Taborsky, Rostislav"]
[Result "0-1"]
[WhiteElo "2192"]
[BlackElo "2090"]
[PlyCount "0"]
[EventDate "2021.08.21"]

1. e4 e6 2. d4 d5 3. Nd2 c5 4. Ngf3 cxd4 5. exd5 Qxd5 6. Bc4 Qd6 7. O-O Nf6
8. Nb3 Nc6 9. Nfxd4 Nxd4 10. Nxd4 Be7 11. c3 O-O 12. Bd3 Rd8 13. Qe2 Bd7 14. Re1
Qd5 15. Bf4 Bd6 16. Bxd6 Qxd6 17. Rad1 Bc6 18. Nf3 Bxf3 19. Qxf3 Qb6 20. b3 h6
21. c4 a5 22. Re5 Rd7 23. Bf1 Rxd1 24. Qxd1 Rd8 25. Qf3 Rd2 26. a3 Rxf2 27. Rb5
Qxb5 28. cxb5 Rxf3 29. gxf3 b6 30. Kf2 Kf8 31. Ke3 Ke7 32. Kd4 0-1

[Event "POHÁR města Říčany 2021"]
[Site "Městské kulturní středisko U labutě"]
[Date "2021.08.25"]
[Round "6.5"]
[White "Ocelak, Jakub"]
[Black "Vojta, Tomas"]
[Result "1/2-1/2"]
[WhiteElo "2102"]
[BlackElo "2312"]
[PlyCount "0"]
[EventDate "2021.08.21"]

1. d4 d5 2. c4 dxc4 3. e3 e5 4. Bxc4 exd4 5. exd4 Bd6 6. Nf3 Nf6 7. Qe2+ Qe7
8. Qxe7+ Bxe7 9. O-O O-O 10. Bf4 Bd6 11. Bxd6 cxd6 12. h3 a6 13. Nbd2 b5 14. Bd3
Bb7 15. a4 b4 16. Rfe1 Nc6 17. Nc4 Rad8 18. a5 g6 19. Nb6 Nd7 20. Rec1 Ncb8
21. Ra4 Kg7 22. d5 Ne5 23. Nxe5 dxe5 24. Bc4 Nd7 25. Rxb4 Nf6 26. Rd1 1/2-1/2

[Event "POHÁR města Říčany 2021"]
[Site "Městské kulturní středisko U labutě"]
[Date "2021.08.25"]
[Round "6.6"]
[White "Novotny, Martin"]
[Black "Svatos, Jan"]
[Result "1-0"]
[WhiteElo "2097"]
[BlackElo "2198"]
[PlyCount "0"]
[EventDate "2021.08.21"]

1. d4 Nf6 2. c4 c5 3. d5 e6 4. Nc3 exd5 5. cxd5 d6 6. Nf3 g6 7. Nd2 Bg7 8. e4
O-O 9. Be2 Re8 10. O-O a6 11. a4 Nbd7 12. Qc2 Ne5 13. Ra3 g5 14. Re1 Bg4 15. f3
Bd7 16. Nf1 Nh5 17. g3 g4 18. f4 Nf3+ 19. Bxf3 gxf3 20. Nd1 f5 1-0

[Event "POHÁR města Říčany 2021"]
[Site "Městské kulturní středisko U labutě"]
[Date "2021.08.25"]
[Round "6.7"]
[White "Aubrecht, Petr"]
[Black "Placer, Sebastian"]
[Result "0-1"]
[WhiteElo "2016"]
[BlackElo "2129"]
[PlyCount "0"]
[EventDate "2021.08.21"]

1. e4 e6 2. d4 d5 3. exd5 exd5 4. c4 Nf6 5. Nf3 Bb4+ 6. Bd2 Qe7+ 7. Be2 Bxd2+
8. Nbxd2 dxc4 9. Nxc4 O-O 10. O-O c6 11. Ne3 Be6 12. Bd3 h6 13. Re1 Qc7 14. Ne5
Rd8 15. Nc2 Nbd7 16. Qe2 Nxe5 17. dxe5 Ng4 18. Bc4 Bxc4 19. Qxg4 Be6 20. Qf3 Rd2
21. Qc3 Rad8 22. Ne3 R2d3 23. Qc5 b6 24. Qc2 0-1

[Event "POHÁR města Říčany 2021"]
[Site "Městské kulturní středisko U labutě"]
[Date "2021.08.25"]
[Round "6.8"]
[White "Rousek, Jan"]
[Black "Hajiyev, Kanan"]
[Result "1/2-1/2"]
[WhiteElo "1745"]
[BlackElo "2124"]
[PlyCount "0"]
[EventDate "2021.08.21"]

1. d4 Nf6 2. c4 c6 3. g3 d5 4. Bg2 g6 5. Nf3 Bg7 6. O-O O-O 7. cxd5 cxd5 8. Nc3
Ne4 9. Nd2 Bxd4 10. Ndxe4 dxe4 11. Bh6 Re8 12. Bxe4 Nc6 13. Qa4 Bxc3 14. Bxc6
bxc6 15. bxc3 Qd5 16. Qd4 Qxd4 17. cxd4 Ba6 18. Rfc1 Bxe2 19. Rxc6 Rac8 20. Rxc8
Rxc8 21. Rc1 Bc4 22. Bd2 Kf8 23. Bb4 Ke8 24. f4 Kd7 25. Kf2 Bxa2 26. Rxc8 Kxc8
27. Bxe7 Kd7 28. Bc5 a5 29. Ke3 Kc6 30. Ke4 h5 31. Ke5 a4 32. f5 Bc4 33. fxg6
fxg6 34. Ke4 g5 35. h4 g4 36. Ke3 Kd5 37. Kd2 Ke4 38. Kc2 Ke3 39. Kb2 1/2-1/2

[Event "POHÁR města Říčany 2021"]
[Site "Městské kulturní středisko U labutě"]
[Date "2021.08.25"]
[Round "6.9"]
[White "Hollan, Petr"]
[Black "Voracek, Zdenek"]
[Result "1-0"]
[WhiteElo "2318"]
[BlackElo "1935"]
[PlyCount "0"]
[EventDate "2021.08.21"]

1. e4 Nf6 2. e5 Nd5 3. Nc3 Nxc3 4. dxc3 d6 5. Nf3 dxe5 6. Qxd8+ Kxd8 7. Nxe5
Ke8 8. Bc4 e6 9. Bf4 Bd6 10. O-O-O Ke7 11. Rhe1 Nd7 12. Nd3 Bxf4+ 13. Nxf4 Nb6
14. Be2 Bd7 15. Bf3 c6 16. Nd3 Rad8 17. b3 Bc8 18. c4 f6 19. a4 a6 20. Re3 Kf7
21. Rde1 Rhe8 22. Nc5 e5 23. Bd1 Nd7 24. Ne4 Nf8 25. c5 Re7 26. Nd6+ Kg8 27. f4
Nd7 28. Nxc8 Rxc8 29. Bg4 Rce8 30. Bxd7 Rxd7 31. fxe5 Rde7 32. e6 g6 33. g4 Kg7
34. h4 f5 35. gxf5 gxf5 36. Rf3 Rxe6 37. Rxe6 Rxe6 38. Rxf5 1-0

[Event "POHÁR města Říčany 2021"]
[Site "Městské kulturní středisko U labutě"]
[Date "2021.08.25"]
[Round "6.10"]
[White "Jun, Rudolf"]
[Black "Ruzicka, Filip"]
[Result "1/2-1/2"]
[WhiteElo "2090"]
[BlackElo "1783"]
[PlyCount "0"]
[EventDate "2021.08.21"]

1. e4 e6 2. d4 b6 3. c4 Bb7 4. Nc3 Bb4 5. d5 Nf6 6. Bd3 exd5 7. cxd5 Qe7 8. Bg5
h6 9. Bxf6 Qxf6 10. Ne2 O-O 11. O-O Na6 12. Rc1 c6 13. a3 Bxc3 14. Nxc3 Nc5
15. b4 Nxd3 16. Qxd3 Rfe8 17. f3 cxd5 18. Nxd5 Bxd5 19. Qxd5 Qb2 20. Rc7 Qxa3
21. Rxd7 Qe3+ 22. Kh1 Qf4 23. Rd1 a5 24. b5 a4 25. Qd6 Qe3 26. Qd5 Qb3 27. Kg1
Qxd5 28. R7xd5 Ra5 29. Kf2 Rc8 30. R1d2 Rc3 31. Ra2 Rb3 32. Ke2 a3 33. Kd2 Raxb5
34. Rxb5 Rxb5 35. Kc3 Rb2 36. Rxb2 axb2 37. Kxb2 Kf8 38. Kc3 Ke7 39. Kc4 Kd6
40. Kb5 Kc7 41. e5 g5 42. g3 Kd7 43. Kxb6 1/2-1/2

[Event "POHÁR města Říčany 2021"]
[Site "Městské kulturní středisko U labutě"]
[Date "2021.08.25"]
[Round "6.11"]
[White "Steiner, Juraj"]
[Black "Stanek, Ondrej"]
[Result "1-0"]
[WhiteElo "1959"]
[BlackElo "2072"]
[PlyCount "0"]
[EventDate "2021.08.21"]

1. c4 Nf6 2. Nc3 c5 3. Nf3 d5 4. cxd5 Nxd5 5. g3 g6 6. Bg2 Bg7 7. Qb3 Nxc3
8. dxc3 O-O 9. O-O Qc7 10. Be3 b6 11. Bf4 e5 12. Nxe5 Bxe5 13. Bxe5 Qxe5
14. Bxa8 Be6 15. Qc2 Nd7 16. Bg2 Nf6 17. e4 Qh5 18. f3 c4 19. b4 Nd7 20. f4 Bg4
21. Qd2 Rc8 22. Rae1 Nf6 23. Qd6 Kg7 24. f5 gxf5 25. exf5 Be2 26. Rf4 Re8
27. Qd4 Rc8 28. Rh4 1-0

[Event "POHÁR města Říčany 2021"]
[Site "Městské kulturní středisko U labutě"]
[Date "2021.08.25"]
[Round "6.12"]
[White "Elias, Jakub"]
[Black "Pejrimovsky, Tadeas Rubel"]
[Result "1/2-1/2"]
[WhiteElo "1982"]
[BlackElo "1532"]
[PlyCount "0"]
[EventDate "2021.08.21"]

1. d4 Nf6 2. Nc3 d5 3. Bf4 g6 4. e3 Bg7 5. h4 O-O 6. h5 b6 7. Bd3 c5 8. Nb5 Na6
9. c3 Qd7 10. a4 c4 11. Be2 Ne4 12. f3 Nd6 13. Nxd6 exd6 14. Nh3 Nc7 15. Nf2 Ne6
16. Bg3 Qe7 17. Qd2 Re8 18. hxg6 fxg6 19. f4 Nf8 20. Nd1 Bf5 21. Bf3 Be4 22. O-O
Nd7 23. b3 cxb3 24. Qb2 Nf6 25. Qxb3 Nh5 26. Be1 Rac8 27. Rc1 Kh8 28. Bxe4 Qxe4
29. Rf3 Bxd4 30. Bh4 Nxf4 31. Rxf4 Bxe3+ 32. Bf2 Qxf4 33. Nxe3 Rxe3 34. Rf1 Qe4
35. Bxe3 Qxe3+ 36. Kh1 Qxc3 37. Qxd5 Qe5 38. Qb7 Qh5+ 39. Kg1 Qc5+ 40. Kh1 a5
41. Qd7 Qh5+ 42. Kg1 Qc5+ 43. Kh1 Qh5+ 44. Kg1 Qh6 45. Qxd6 Qe3+ 46. Kh1 Qh6+
1/2-1/2

[Event "POHÁR města Říčany 2021"]
[Site "Městské kulturní středisko U labutě"]
[Date "2021.08.25"]
[Round "6.13"]
[White "Cermak, Jan"]
[Black "Blumel, Otto"]
[Result "0-1"]
[WhiteElo "1938"]
[BlackElo "1965"]
[PlyCount "0"]
[EventDate "2021.08.21"]

1. e4 c5 2. Nf3 Nf6 3. e5 Nd5 4. c3 d6 5. d4 cxd4 6. Qxd4 e6 7. Bg5 dxe5
8. Bb5+ Nc6 9. Qa4 Qc7 10. O-O Bd6 11. Nbd2 O-O 12. Qg4 f5 13. Qh3 e4 14. Nh4
Ne5 15. c4 Nb4 16. a3 Nc2 17. Rac1 Nd4 18. Kh1 Nd3 19. Rc3 Bf4 20. Bxf4 Qxf4
21. Ndf3 Nxb5 22. cxb5 Rd8 23. g3 Qh6 24. Ng1 Qd2 25. Qg2 Qxb2 26. Rc7 Rd7
27. Rxd7 Bxd7 28. g4 Qxb5 29. Nh3 e3 30. gxf5 e2 31. Rg1 Bc6 32. f3 Qe5 33. f6
Qxf6 34. Qxe2 Qxh4 35. Qxe6+ Kh8 36. Qf7 Qf6 0-1

[Event "POHÁR města Říčany 2021"]
[Site "Městské kulturní středisko U labutě"]
[Date "2021.08.25"]
[Round "6.14"]
[White "Chval, Zdenek"]
[Black "Chval, Zdenek"]
[Result "1/2-1/2"]
[WhiteElo "1846"]
[BlackElo "2147"]
[PlyCount "0"]
[EventDate "2021.08.21"]

1. e4 e6 2. d4 d5 3. exd5 exd5 4. Bd3 Bd6 5. Nf3 Ne7 6. O-O O-O 7. Bg5 f6
8. Bh4 Bf5 9. Bg3 c6 10. Re1 Bxg3 11. hxg3 Qd6 12. Nc3 Bxd3 13. Qxd3 Nd7 14. Re2
Ng6 15. Rae1 Kf7 16. Qf5 1/2-1/2

[Event "POHÁR města Říčany 2021"]
[Site "Městské kulturní středisko U labutě"]
[Date "2021.08.25"]
[Round "6.15"]
[White "Holub, Adam"]
[Black "Novotny, David"]
[Result "1-0"]
[WhiteElo "1754"]
[BlackElo "1923"]
[PlyCount "0"]
[EventDate "2021.08.21"]

1. d4 Nf6 2. c4 c5 3. d5 b5 4. Qc2 d6 5. e4 bxc4 6. Bxc4 g6 7. Nc3 Bg7 8. f4
O-O 9. Nf3 Nbd7 10. O-O Bb7 11. a3 Nb6 12. Ba2 Nfd7 13. Be3 f5 14. Ng5 Qc8
15. Rad1 Rf6 16. Rfe1 h6 17. Ne6 Nf8 18. e5 Rxe6 19. dxe6 dxe5 20. fxe5 Kh7
21. Nd5 Nxd5 22. Bxd5 Bxd5 23. Rxd5 Qxe6 24. Rxc5 Nd7 25. Rc6 Qxe5 26. Bf2 Qf4
27. Rxe7 Ne5 28. Rcc7 Rg8 29. Qc3 1-0